000
00300nam a2200121 a 4500
005
20140414132018.0
008
110314s19uu xx 00 eng d
050
_a
TR
_b
F87 1989
100
_a
Crews, Donald
245
_a
Freight train.
260
_a
New York :
_b
Scholastic ,
_c
1978.
999
_c
113401
_d
113401